Sanat: "Lintu ja lapsi" - Statistics

Yleistilastot
  • Tätä visaa on pelattu 111 kertaa
  • Keskiarvotulos 117 / 172
Vastaustilastot
Vastaus % Oikein
kun
98%
98%
niin
97%
saa
97%
vain
97%
katsella
95%
Lapsella
95%
loistaa
95%
silmät
95%
lintuja
94%
voi
94%
hän
92%
92%
silmät
92%
ja
91%
maa
91%
se
88%
vapauden
85%
kaunis
82%
on
82%
toistaa
82%
vaan
82%
haaveita
80%
sen
80%
lentää
79%
Laulaa
76%
laulaa
76%
jään
73%
maahan
73%
laivan
68%
saat
68%
saan
67%
valkoinen
67%
Valkoinen
67%
aalloilla
65%
lintuset
65%
myös
65%
nään
65%
laulu
64%
nuo
64%
pois
64%
ystävä
62%
Kauniina
61%
ei
59%
Ei
59%
taivaat
59%
tuuli
58%
syntymä
56%
vaivan
53%
kangaskin
52%
maalata
52%
taulun
52%
voit
52%
alta
48%
lapsi
48%
oon
48%
auringon
47%
laulun
47%
maan
45%
käy
44%
äiti
42%
kukkaan
42%
huolten
41%
kantaa
41%
rakkauden
41%
siivet
41%
taas
41%
Aurinko
39%
aurinko
39%
hukkaan
39%
mua
39%
pienin
39%
elämän
36%
nyt
36%
rakkaus
35%
Musta
33%
painua
33%
antaa
32%
jos
32%
sodilla
32%
ihmisten
30%
mielen
30%
kasvoista
29%
lintujen
29%
kielen
27%
kurjuutta
27%
lasten
27%
27%
ystävien
27%
kehto
26%
näin
24%
toivoa
24%
muistaa
23%
mustimpaan
21%
murheeseen
20%
ois
20%
mulle
18%
mun
18%
Ehtoja vastaavia visoja ei löytynyt
Tulosjakauma
Jokaisen tuloksen saaneiden osuus
Persentiili vastausten määrän mukaan
Tuloshistoriasi
Et ole pelannut tätä visaa